000 00278nam a2200133Ia 4500
100 _aRieger H
942 _cBK
654 _acurrent
245 _aAlternating voltage & current
260 _bWiley eastern
_aNew Delhi
_c1978
300 _a80
546 _aENGLISH
999 _c23295
_d23295